000 00637nam a2200217 a 4500
005 20210219153505.0
008 991125n 000 0 u
035 _aUPN01000102585
100 _aBooth, June
222 _aREADING :
_bA JOURNAL FOR THE STUDY AND IMPROVEMENT OF READING AND RELATED SKILLS
245 _atowards experience in literacy and language
300 _a15-17
362 _a25, No. 3, 1991
505 _aJulio 1993
653 0 _aACTIVIDADES DE CLASE
653 0 _aPADRES COMO MAESTROS
653 0 _aPARTICIPACION DE LOS PADRES
700 _aBannister, Linda
904 _aAC
_b040396
905 _aArticulo
999 _c78242
_d78242